Missale romanum ex decreto sacro sancti concilii tridentini restitutum, sancti PII Papae quinti iussu editum summorum pontificum (Record no. 8349)
[ view plain ]
| 000 -CABECERA | |
|---|---|
| campo de control de longitud fija | 01878nam a2200373 a 4500 |
| 001 - NÚMERO DE CONTROL | |
| campo de control | BRCA_8696 |
| 005 - FECHA Y HORA DE LA ÚLTIMA TRANSACCIÓN | |
| campo de control | 20190320210353.0 |
| 008 - DATOS DE LONGITUD FIJA--INFORMACIÓN GENERAL | |
| campo de control de longitud fija | 191216s1776----sp-a######---#000-0#lat-# |
| 041 ## - CÓDIGO DE LENGUA | |
| Código de lengua del texto/banda sonora o título independiente | lat |
| 044 ## - CÓDIGO DEL PAÍS DE LA ENTIDAD EDITORA/PRODUCTORA | |
| Código MARC del país | sp |
| 050 #4 - SIGNATURA TOPOGRÁFICA DE LA BIBLIOTECA DEL CONGRESO | |
| Número de clasificación | BX1970 |
| Número de documento/Ítem | .C54 |
| -- | 1776 |
| 100 1# - ENTRADA PRINCIPAL--NOMBRE DE PERSONA | |
| Nombre de persona | Clementis Octavi |
| 9 (RLIN) | 21668 |
| 245 10 - MENCIÓN DE TÍTULO | |
| Título | Missale romanum ex decreto sacro sancti concilii tridentini restitutum, sancti PII Papae quinti iussu editum summorum pontificum |
| Mención de responsabilidad, etc. | Clementis Octavi et Urbani Itidem Octavi auctoritate recognitum, et novis missis ex Indulto Apostolico nucusque concessis auctum. |
| 260 ## - PUBLICACIÓN, DISTRIBUCIÓN, ETC. | |
| Lugar de publicación, distribución, etc. | Matriti |
| Nombre del editor, distribuidor, etc. | Typis petri marin |
| Fecha de publicación, distribución, etc. | 1776 |
| 300 ## - DESCRIPCIÓN FÍSICA | |
| Extensión | 1 vol. (con varias paginaciones) |
| Otras características físicas | il. |
| Dimensiones | 35 cm |
| 500 ## - NOTA GENERAL | |
| Nota general | Fondo antiguo |
| 500 ## - NOTA GENERAL | |
| Nota general | Se encuentra en Caja Fuerte |
| 500 ## - NOTA GENERAL | |
| Nota general | LM-30 |
| 500 ## - NOTA GENERAL | |
| Nota general | Portada impresa en dos tintas negro y rojo con grabado |
| 500 ## - NOTA GENERAL | |
| Nota general | Con dedicatoria: Pius episcopus, Clemens Papa VIII, Pius Papa V, Gregorius Papa XIII, Urbanus Papa VIII |
| 500 ## - NOTA GENERAL | |
| Nota general | Con summa licentiae regiae, licencia y aprobación del ilustrisimo señor comisario general de la santa cruzada |
| 500 ## - NOTA GENERAL | |
| Nota general | Texto en dos columnas |
| 500 ## - NOTA GENERAL | |
| Nota general | Uso de letras capitulares |
| 500 ## - NOTA GENERAL | |
| Nota general | Incluye tablas y pentagramas musicales |
| 500 ## - NOTA GENERAL | |
| Nota general | Incluye 3 grabados elaborados por Juan Antonio Salvador en Madrid |
| 500 ## - NOTA GENERAL | |
| Nota general | Incluye índice |
| 500 ## - NOTA GENERAL | |
| Nota general | Nota de encuadernación: pasta española con broches metálicos, edición de cantos dorados decorados |
| 505 0# - NOTA DE CONTENIDO CON FORMATO | |
| Nota de contenido con formato | En el mismo volumen contiene el Missae sanctorum missali romano addendae a sancta sede apostolica novissime concessae.-- Missa in festo sancti angeli regni custodis |
| 506 0# - NOTA DE RESTRICCIONES AL ACCESO | |
| Limitaciones de acceso | Fondo reservado: para su consulta es necesario credencial de usuario y carta de motivos |
| 650 14 - PUNTO DE ACCESO ADICIONAL DE MATERIA--TÉRMINO DE MATERIA | |
| Término de materia o nombre geográfico como elemento de entrada | Iglesia católica |
| Término indicativo de función/relación | Liturgia y ritual |
| Subdivisión de forma | Misal |
| 9 (RLIN) | 21669 |
| 700 1# - PUNTO DE ACCESO ADICIONAL--NOMBRE DE PERSONA | |
| Nombre de persona | Urbani Itidem Octavi |
| 9 (RLIN) | 21670 |
| 902 ## - CATALOGADOR | |
| Iniciales | LAR |
| 942 ## - ELEMENTOS DE PUNTO DE ACCESO ADICIONAL (KOHA) | |
| Fuente del sistema de clasificación o colocación | Library of Congress Classification |
| Tipo de ítem Koha | Libros |
| Estado de retiro | Estado de pérdida | Estado dañado | No para préstamo | Localización permanente | Ubicación/localización actual | Fecha de adquisición | Número de inventario | Total de préstamos | Signatura topográfica completa | Código de barras | Fecha visto por última vez | Precio válido a partir de | Tipo de ítem Koha |
|---|---|---|---|---|---|---|---|---|---|---|---|---|---|
| El ejemplar forma parte de la colección y puede ser consultado según las políticas vigentes. | Biblioteca del Museo Franz Mayer (Rogerio Casas-Alatriste) | Biblioteca del Museo Franz Mayer (Rogerio Casas-Alatriste) | 19/12/2016 | LM-30 | BX1970 .C54 1776 (LM-30) | LAR00188 | 22/03/2019 | 22/03/2019 | Libros |